Quiz piłkarski 7! - Statystyki

Ogólne statystyki
  • Ten quiz został rozwiązany 32 razy
  • Średni wynik to 12 z 20
Statystyki odpowiedzi
Piłkarz Klub % Poprawnych
Cristiano Ronaldo Real Madryt
100%
Mesut Ozil Arsenal
94%
Santi Cazorla Arsenal
90%
Pierre-Emerick Aubameyang Borussia D
90%
Javier Mascherano Barcelona
84%
Chris Smalling Manchester U
84%
Marcin Wasilewski Leicester
81%
Virgil Van Dijk Celtic
77%
Carlos Tevez Juventus
77%
Alexandre Lacazette OL
74%
Peter Crouch Stoke
74%
Javier Pastore PSG
71%
Jasper Cillessen Ajax
68%
Moussa Dembele Tottenham
35%
Stefan De vrij Feyenoord
32%
Martin Braithwaite Toulouse
32%
Valentino Lazaro Salzburg
13%
Matt Targett Southampton
13%
Eric Bailly Espanyol
10%
Alberto Neto Fiorentina
6%
Nie znaleziono quizów pasujących do podanych kryteriów
Rozkład punktacji
Procent ludzi z każdym wynikiem
Percentyl według liczby udzielonych odpowiedzi
Twoja historia wyników
Nie rozwiązałeś tego quizu